Constitutional amendments in india / (Record no. 127316)

MARC details
000 -LEADER
fixed length control field 00714nam a22002297a 4500
005 - DATE AND TIME OF LATEST TRANSACTION
control field 20170124110023.0
010 ## - LIBRARY OF CONGRESS CONTROL NUMBER
LC control number A-387094
020 ## - INTERNATIONAL STANDARD BOOK NUMBER
Terms of availability 00.00
International Standard Book Number 8171770037
035 ## - SYSTEM CONTROL NUMBER
System control number A-387094
037 ## - SOURCE OF ACQUISITION
Source of stock number/acquisition Cen Lib/Ret
040 ## - CATALOGING SOURCE
Original cataloging agency DPL
Language of cataloging EN
082 ## - DEWEY DECIMAL CLASSIFICATION NUMBER
Classification number 342.54
Item number SUN
100 ## - MAIN ENTRY--PERSONAL NAME
Personal name Sunder Raman
9 (RLIN) 20123
245 ## - TITLE STATEMENT
Title Constitutional amendments in india /
Statement of responsibility, etc by Sunder Raman
260 ## - PUBLICATION, DISTRIBUTION, ETC. (IMPRINT)
Place of publication, distribution, etc Calcutta
Name of publisher, distributor, etc Eastern Law House
Date of publication, distribution, etc 1989
270 ## - ADDRESS
City Calcutta
Address 54, ganesh chunder avenue
Postal code 700013
300 ## - PHYSICAL DESCRIPTION
Extent 329p.
Dimensions 21cm(Hb)
500 ## - GENERAL NOTE
General note Includes bibliographical references and index
650 ## - SUBJECT ADDED ENTRY--TOPICAL TERM
Topical term or geographic name as entry element Constitution
Geographic subdivision India
9 (RLIN) 20124
650 ## - SUBJECT ADDED ENTRY--TOPICAL TERM
Topical term or geographic name as entry element Democracy presuposes
9 (RLIN) 20125
942 ## - ADDED ENTRY ELEMENTS (KOHA)
Source of classification or shelving scheme Dewey Decimal Classification
Koha item type English Books
Classification part 342.54
Call number suffix SUN
Holdings
Withdrawn status Lost status Damaged status Not for loan Home library Current library Date acquired Source of acquisition Cost, normal purchase price Total Checkouts Full call number Barcode Date last seen Copy number Cost, replacement price Price effective from Koha item type Public note
        Central Library Central Library 29/06/2015 Cen Lib/Ret 0.00   342.54 SUN A-387094 29/06/2015 1 0.00 29/06/2015 English Books Legal Case (Register No. 2019)

© Delhi Public Library
Hit Counter
free hit counter